• 首页
  • 本馆介绍
  • 公告通知
  • 最新文献
  • 馆藏检索
  • 电子资源
  • 读者导购
  • 参考咨询
  • 我的图书馆
  • 登录
  • 详细信息显示
  • 放入我的书架
  • 预约/预借图书
  • 作者相关作品
  • 分类相关作品
  • 丛书相关作品
  • 出版社相关作品

书目信息

  • 表格格式
  • 工作单格式
  • 卡片格式
题名:
化学课程论
    
 
作者: 何少华 , 毕华林 著
分册:  
出版信息: 南宁   广西教育出版社  1996
页数: 196页
开本: 20cm
丛书名: 学科现代教育理论书系
单 册:
中图分类: O6-4 , G40-01
科图分类:
主题词: 化学-课程-教学理论 , 课程-化学-教学理论 , 教学理论-课程-化学 , 教育学
电子资源:
ISBN: 7-5435-2503-8
000 00879nam2 2200313 45
001 0198014582
005 20040426151836.0
010    @a7-5435-2503-8@dCNY12.50
100    @a19980311d1996 em y0chiy0121 ea
101 0  @achi
102    @aCN@b450000
105    @ac z 000yy
106    @ar
200 10 @a化学课程论@Ahua xue ke cheng lun@f何少华,毕华林著
210    @a南宁@c广西教育出版社@d1996
215    @a196页@c肖像@d20cm
225 2  @a学科现代教育理论书系@i化学
300    @a国家“九五”重点图书出版规划项目
410  0 @120010@a学科现代教育理论书系
606    @a化学-课程-教学理论
606    @a课程-化学-教学理论
606    @a教学理论-课程-化学
606 0  @a教育学
690    @aO6-4@v3
690    @aG40-01
701  0 @a何少华@Ahe shao hua@4著
701  0 @a毕华林@Abi hua lin@4著
801  0 @aCN@bNLC@c19980326
905    @f4@b281541-544@dG40-01@e199:2
    
    化学课程论/何少华,毕华林著.-南宁:广西教育出版社,1996
    196页:肖像;20cm.-(学科现代教育理论书系.化学)
    国家“九五”重点图书出版规划项目
    
    ISBN 7-5435-2503-8:CNY12.50
    
●
相关链接 在E读中查询图书 在五车中查询图书 在当当中查询图书 在豆瓣中查询图书


正题名:化学课程论     索取号:G40-01/199:2         预约/预借

序号 登录号 条形码 馆藏地/架位号 状态 备注
1 0281541   002815412   密集书库/ [索取号:G40-01/199:2] 在馆    
2 0281542   002815421   第四借阅区/ [索取号:G40-01/199:2] 在馆    
3 0281543   002815430   密集书库/ [索取号:G40-01/199:2] 在馆    
4 0281544   002815449   密集书库/ [索取号:G40-01/199:2] 在馆    
5 0281545   002815458   第一样本阅览室/ [索取号:G40-01/199:2] 在馆    
唐山师范学院图书馆 欢迎您!
大连网信软件有限公司© 版权所有